000 00374cam a2200145ua 4500
003 OSt
008 250909b |||||||| |||| 00| 0 eng d
041 _aeng
082 _a628
_bRAN/AU
100 _aRanderson, H Y .
_97838
245 _aAustralian sanitary engineering practice /
260 _aLondon :
_bAngus and Robertson ltd ,
_c1946.
300 _a443 ; .
942 _cBK
999 _c9654
_d9654